000 01242njm a2200313Ia 4500
001 27541
003 IT-RoPAU
005 20220918181143.0
008 131025s9999 xx 000 0 und d
040 _aIT-RoPAU
040 _cIT-RoPAU
041 _aITALIANO
999 _c101373
_d101373
999 _bn.d.
100 _aCiravegna Gianni
_918445
100 _eAutore musica
_918446
100 _gCodice autore musica SPICS: 10829
_918447
245 _aAndiamo con lui
250 _a1a ed.
260 _aROMA
260 _bEP - MUSICALI E DISCOGRAFICHE
300 _aDISCO
300 _c39 minuti (Testo: pag.)
500 _aMusica religiosa, liturgica. Canti per il catechismo dei fanciulli. Canzoni per bambini
505 _aVenite con me - Lasciate che i bambini - Grandi cose fa per noi il Signore - Gloria e pace - Un lieto annuncio - Beati voi - Casa aperta - Alleluja - Il nostro canto - Figli di Dio - L'aAbbiamo incontrato - Ti parlo ogni giorno - E' giorno di festa
650 _aLITURGICO [DISCHI]
_eCodice MATERIA SPICS: 9950
_9966
700 _aCiravegna Gianni
_eAutore testo e musica
_gCodice autore testo/musica SPICS: 10829
_918448
700 _aCiravegna Gianni
_gCodice interprete SPICS: 10829
_eInterprete
_918449
942 _cMD
_2ddc